Największe państwa świata - Statystyki

Ogólne statystyki
  • Ten quiz został rozwiązany 33 razy
  • Średni wynik to 9 z 10
Statystyki odpowiedzi
Hint Odpowiedź % Poprawnych
3. Azja Chiny
100%
1. Azja/Europa Rosja
100%
8. A. Południowa Argentyna
97%
6. Oceania Australia
97%
5. A. Południowa Brazylia
97%
2. A. Północna Kanada
97%
4. A. Północna USA
97%
7. Azja Indie
93%
9. Azja Kazachstan
87%
10. Afryka Algieria
77%
Nie znaleziono quizów pasujących do podanych kryteriów
Rozkład punktacji
Procent ludzi z każdym wynikiem
Percentyl według liczby udzielonych odpowiedzi
Twoja historia wyników
Nie rozwiązałeś tego quizu